000
00379nam a22001577a 4500
003
MPLRDC
005
20220104143828.0
008
210129b ||||| |||| 00| 0 eng d
082
_a
856.9 GSZ c.2
100
_a
公孙子
245
_a
千古秘闻录
_c
260
_a
_b
新时代出版社
_c
300
_b
平
650
_a
函牍及杂著--杂项
942
_c
BK
_o
856.9 GSZ c.2
999
_c
43747
_d
43737